| 000 | 00747nam a2200217Ia 4500 | ||
|---|---|---|---|
| 005 | 20240524101102.0 | ||
| 008 | 130821s2002 xxua gr eng | ||
| 020 |
_a0072329033 _cpbk. |
||
| 040 |
_aCo-BoUCM _bspa _cDavid Moreno (modificó) _dDavid Moreno (modificó) |
||
| 041 | 0 | 0 | _aeng |
| 060 | _aQT 260 | ||
| 100 | 1 |
_aAdams, Gene M. _9161755 |
|
| 245 | 1 | 0 |
_aExercise physiology laboratory manual _cGene M. Adams |
| 250 | _a4a. ed. | ||
| 260 |
_aBoston (Massachusetts, Estados Unidos) _bMcGraw-Hill _c2002 |
||
| 300 |
_avi, 378 páginas _bilustraciones |
||
| 650 | 0 | 4 |
_aEntrenamiento físico _914629 |
| 650 | 0 | 4 |
_aFisiología del ejercicio _915936 |
| 650 | 0 | 4 |
_aFisiología humana _915943 |
| 942 |
_cLIBRO _a15 _e4 _mA211e _2NLM _hQT 260 _n0 |
||
| 999 |
_c45150 _d45150 |
||